How to use the business library : (Record no. 405)
[ view plain ]
| 000 -LEADER | |
|---|---|
| fixed length control field | nam a22 a 4500 |
| 003 - CONTROL NUMBER IDENTIFIER | |
| control field | AKMAL |
| 005 - DATE AND TIME OF LATEST TRANSACTION | |
| control field | 20170503155314.0 |
| 008 - FIXED-LENGTH DATA ELEMENTS--GENERAL INFORMATION | |
| fixed length control field | 930503s1984 xxu 000 eng d |
| 020 ## - INTERNATIONAL STANDARD BOOK NUMBER | |
| International Standard Book Number | 0538057505 (pbk.) |
| 040 ## - CATALOGING SOURCE | |
| Original cataloging agency | AKMAL |
| Transcribing agency | AKMAL |
| 082 04 - DEWEY DECIMAL CLASSIFICATION NUMBER | |
| Classification number | 025.313 JOH |
| 090 ## - LOCALLY ASSIGNED LC-TYPE CALL NUMBER (OCLC); LOCAL CALL NUMBER (RLIN) | |
| Classification number (OCLC) (R) ; Classification number, CALL (RLIN) (NR) | 025.313 |
| Local cutter number (OCLC) ; Book number/undivided call number, CALL (RLIN) | JOH |
| 100 1# - MAIN ENTRY--PERSONAL NAME | |
| Personal name | Johnson, H. Webster |
| Fuller form of name | (Herbert Webster), |
| Dates associated with a name | 1906- |
| 9 (RLIN) | 926 |
| 245 10 - TITLE STATEMENT | |
| Title | How to use the business library : |
| Remainder of title | with sources of business information / |
| Statement of responsibility, etc. | H. Webster Johnson, Anthony J. Faria, Ernest L. Maier |
| 250 ## - EDITION STATEMENT | |
| Edition statement | 5th ed. |
| 260 ## - PUBLICATION, DISTRIBUTION, ETC. | |
| Place of publication, distribution, etc. | Cincinnati : |
| Name of publisher, distributor, etc. | South-Western Pub., |
| Date of publication, distribution, etc. | 1984. |
| 300 00 - PHYSICAL DESCRIPTION | |
| Extent | iv, 267p. : |
| Other physical details | ill. ; |
| Dimensions | 23cm |
| 500 ## - GENERAL NOTE | |
| General note | First published in 1951 under title: How to use a business library. |
| 650 ## - SUBJECT ADDED ENTRY--TOPICAL TERM | |
| Topical term or geographic name entry element | Business libraries |
| 9 (RLIN) | 927 |
| 650 ## - SUBJECT ADDED ENTRY--TOPICAL TERM | |
| Topical term or geographic name entry element | Business |
| General subdivision | Research |
| -- | Methodology |
| 9 (RLIN) | 928 |
| 650 ## - SUBJECT ADDED ENTRY--TOPICAL TERM | |
| Topical term or geographic name entry element | Reference books |
| General subdivision | Business |
| -- | Bibliography |
| 9 (RLIN) | 929 |
| 650 ## - SUBJECT ADDED ENTRY--TOPICAL TERM | |
| Topical term or geographic name entry element | Business |
| Form subdivision | Bibliography |
| 9 (RLIN) | 930 |
| 700 1# - ADDED ENTRY--PERSONAL NAME | |
| Personal name | Faria, A. j. |
| 9 (RLIN) | 931 |
| 700 1# - ADDED ENTRY--PERSONAL NAME | |
| Personal name | Maier, Ernest L. |
| 9 (RLIN) | 932 |
| 700 1# - ADDED ENTRY--PERSONAL NAME | |
| Personal name | Johnson, H. Webster |
| Fuller form of name | (Herbert Webster), |
| Dates associated with a name | 1906--. |
| Title of a work | How to use a business library |
| 9 (RLIN) | 933 |
| 942 ## - ADDED ENTRY ELEMENTS (KOHA) | |
| Source of classification or shelving scheme | |
| Koha item type | Book |
| 949 ## - LOCAL PROCESSING INFORMATION (OCLC) | |
| 6 | 3000004536 |
| e | 000572810 |
| 949 ## - LOCAL PROCESSING INFORMATION (OCLC) | |
| 6 | 3000004537 |
| e | 000572809 |
| Withdrawn status | Lost status | Source of classification or shelving scheme | Damaged status | Not for loan | Collection code | Home library | Current library | Date acquired | Inventory number | Total Checkouts | Full call number | Barcode | Date last seen | Price effective from | Koha item type |
|---|---|---|---|---|---|---|---|---|---|---|---|---|---|---|---|
| NON-FICTION | AKMAL Melaka | AKMAL Melaka | 03.05.2017 | 000485 | 025.313 JOH | 201701247 | 03.05.2017 | 03.05.2017 | Book |
